ბათუმის შოთა რუსთაველის სახელმწიფო უნივერსიტეტის ბიბლიოთეკა

Lettre à mon dictateur / (ბიბ.ჩანაწერი № 62200)

000 -LEADER
fixed length control field 00539nam a22001817a 4500
005 - DATE AND TIME OF LATEST TRANSACTION
control field 20240731170358.0
008 - FIXED-LENGTH DATA ELEMENTS--GENERAL INFORMATION
fixed length control field 240731s2022 fr ||||| |||| 00| 0 fra d
020 ## - INTERNATIONAL STANDARD BOOK NUMBER
International Standard Book Number 9782832111420 X
041 ## - LANGUAGE CODE
Language code of text/sound track or separate title fra
080 ## - UNIVERSAL DECIMAL CLASSIFICATION NUMBER
Universal Decimal Classification number 821.133.32 E-90
100 ## - MAIN ENTRY--PERSONAL NAME
Personal name Eugène
Dates associated with a name (Author)
9 (RLIN) 23037
245 ## - TITLE STATEMENT
Title Lettre à mon dictateur /
Statement of responsibility, etc. Eugène
264 ## - PRODUCTION, PUBLICATION, DISTRIBUTION, MANUFACTURE, AND COPYRIGHT NOTICE
Place of production, publication, distribution, manufacture Genève:
Name of producer, publisher, distributor, manufacturer Slatkine,
Date of production, publication, distribution, manufacture, or copyright notice 2022.
300 ## - PHYSICAL DESCRIPTION
Extent 120 pages ;
Other physical details 20 cm.
653 ## - INDEX TERM--UNCONTROLLED
keyword Lettre à mon dictateur
653 ## - INDEX TERM--UNCONTROLLED
keyword წერილი ჩემს დიქტატორს
942 ## - ADDED ENTRY ELEMENTS (KOHA)
Source of classification or shelving scheme
Koha item type წიგნი
ეგზემპლარები
Withdrawn status Lost status Source of classification or shelving scheme Damaged status Not for loan Permanent Location Current Location Shelving location Date acquired Cost, normal purchase price Full call number Barcode Date last seen Copy number Uniform Resource Identifier Price effective from Koha item type Public note
          ბათუმის შოთა რუსთაველის სახელმწიფო უნივერსიტეტის მთავარი ბიბლიოთეკა ბათუმის შოთა რუსთაველის სახელმწიფო უნივერსიტეტის მთავარი ბიბლიოთეკა წიგნსაცავი 2024-07-31 5.00 821.133.32 E-90 66087 2024-07-31 66087 ნაჩუქარი 2024-07-31 წიგნი 5.00
          ბათუმის შოთა რუსთაველის სახელმწიფო უნივერსიტეტის მთავარი ბიბლიოთეკა ბათუმის შოთა რუსთაველის სახელმწიფო უნივერსიტეტის მთავარი ბიბლიოთეკა წიგნსაცავი 2024-07-31 5.00 821.133.32 E-90 66088 2024-07-31 66088 ნაჩუქარი 2024-07-31 წიგნი 5.00